| 000 | 01177nam a22003257a 4500 | ||
|---|---|---|---|
| 003 | CHAP | ||
| 005 | 20220329140101.0 | ||
| 008 | 971013s1984 r 10010 d | ||
| 010 | _a46732 | ||
| 011 | _a47704 | ||
| 035 | _a51847 | ||
| 040 | _cCHAP | ||
| 090 | _aFolleto 11324 | ||
| 111 | 0 | 0 |
_aReunión Nacional para la Actualización de la Enseñanza de la Parasitología Agrícola ( _d1983 _c: Marín, N. L.) _996537 |
| 245 | _aMemorias | ||
| 260 |
_aMéxico, D. F. : _bAsociación Mexicana de Educación Agrícola Superior, _c(1984?) |
||
| 300 | _a64 p. | ||
| 590 |
_aBATCH-UPD _b10 _c20130110 _lUCH01 _h0125 |
||
| 590 |
_aBATCH-UPD _b10 _c20130110 _lUCH01 _h1702 |
||
| 590 |
_aBATCH-UPD _b10 _c20130409 _lUCH01 _h2119 |
||
| 590 |
_aBATCH-UPD _b10 _c20130410 _lUCH01 _h1049 |
||
| 590 |
_aBATCH-UPD _b10 _c20130914 _lUCH01 _h1900 |
||
| 590 |
_aCONVERSION _b10 _c20130109 _lUCH01 _h1326 |
||
| 650 | 1 | 4 |
_aParasitología _xEstudio y enseñanza. _985471 |
| 901 | _aBK | ||
| 942 | _cFOLL | ||
| 949 |
_aFolleto 11324 _bBC _cCONG _d-115821 _eCONG _fc.2 _i51847 _si |
||
| 949 |
_aFolleto 11324 _bBC _cFOLL _d-115820 _eTS1 _i51847 _si |
||
| 949 |
_aFolleto 11324 _bBC _cFOLL _d-115823 _eTS2 _fc.3 _i51847 _si |
||
| 999 |
_c46732 _d46732 |
||